(Nepali) Bhanubhakta Ramayan (Record no. 364013)
[ view plain ]
| 000 -LEADER | |
|---|---|
| fixed length control field | 004380000a22001690004500 |
| 005 - DATE AND TIME OF LATEST TRANSACTION | |
| control field | 20120302065139.0 |
| 040 ## - CATALOGING SOURCE | |
| Original cataloging agency | N&H |
| 100 ## - MAIN ENTRY--PERSONAL NAME | |
| Personal name | Shree Bhanubhakta |
| 245 ## - TITLE STATEMENT | |
| Title | (Nepali) Bhanubhakta Ramayan |
| 250 ## - EDITION STATEMENT | |
| Edition statement | 1st |
| 260 ## - PUBLICATION, DISTRIBUTION, ETC. (IMPRINT) | |
| Place of publication, distribution, etc | Lucknau:Bhuvan Vani Trust, 1976 |
| 301 ## - PHYSICAL DESCRIPTION FOR FILMS (PRE-AACR 2) (VM) [OBSOLETE, USMARC] | |
| Extent of item | Amatya, Shree Nandakumar |
| Sound characteristics | Amatya, Sushree Tapeshwari |
| 300 ## - PHYSICAL DESCRIPTION | |
| Extent | 344p..-ill |
| 365 ## - TRADE PRICE | |
| Price amount | 20/- |
| 650 ## - SUBJECT ADDED ENTRY--TOPICAL TERM | |
| Topical term or geographic name as entry element | Ramayan, Nepali, Nepaleese |
| 942 ## - ADDED ENTRY ELEMENTS (KOHA) | |
| Koha item type | Book |
| Withdrawn status | Lost status | Damaged status | Not for loan | Home library | Current library | Date acquired | Total Checkouts | Barcode | Date last seen | Price effective from |
|---|---|---|---|---|---|---|---|---|---|---|
| Institute For Oriental Study, Thane | Institute For Oriental Study, Thane | 12/02/2009 | IOS-NH 25068 | 12/02/2009 | 12/02/2009 |